Asha bosorar axomiya kobitat romantik bhabdhara (Record no. 4577)

MARC details
000 -LEADER
fixed length control field 00382cam a2200145ua 4500
008 - FIXED-LENGTH DATA ELEMENTS--GENERAL INFORMATION
fixed length control field 120901n ii |||gr||||Z||||||asm
040 ## - CATALOGING SOURCE
Transcribing agency MAIN
100 1# - MAIN ENTRY--PERSONAL NAME
Personal name Deka, Namita,
Relator term
245 10 - TITLE STATEMENT
Title Asha bosorar axomiya kobitat romantik bhabdhara
Statement of responsibility, etc. by Namita Deka
250 ## - EDITION STATEMENT
Edition statement 1st.
260 ## - PUBLICATION, DISTRIBUTION, ETC.
Place of publication, distribution, etc. Jorhat:
Name of publisher, distributor, etc. Asam Sahitya Sabha,
Date of publication, distribution, etc. 2012.
300 ## - PHYSICAL DESCRIPTION
Extent 142p:
Dimensions 18cm.
942 ## - ADDED ENTRY ELEMENTS (KOHA)
Koha item type Books
Holdings
Withdrawn status Lost status Damaged status Not for loan Home library Current library Shelving location Date acquired Total Checkouts Full call number Barcode Date last seen Date last checked out Copy number Price effective from Koha item type
        Central Library, Naharkatiya College Central Library, Naharkatiya College General Stacks 19/09/2020 1 DEK 20754 13/02/2026 05/02/2026 1 19/09/2020 Books

Naharkatiya College © 2020. All rights reserved.

Powered By